A Course in Listening & Speaking II/ (Record no. 37982)
[ view plain ]
| 000 -LEADER | |
|---|---|
| fixed length control field | 00603nam a2200205 a 4500 |
| 001 - CONTROL NUMBER | |
| control field | 37982 |
| 003 - CONTROL NUMBER IDENTIFIER | |
| rucl marc code | (BD-RjUL) |
| 005 - DATE AND TIME OF LATEST TRANSACTION | |
| control field | 20211209052712.0 |
| 008 - FIXED-LENGTH DATA ELEMENTS--GENERAL INFORMATION | |
| fixed length control field | 150820r20072010ii ||||| |||| 00| 0 eng d |
| 020 ## - INTERNATIONAL STANDARD BOOK NUMBER | |
| International Standard Book Number | 9788175962941 |
| 035 ## - SYSTEM CONTROL NUMBER | |
| System control number | (BD-RjUL) |
| 082 ## - DEWEY DECIMAL CLASSIFICATION NUMBER | |
| Edition number | 22 |
| Classification number | 428.24 |
| Author mark and year | SAL |
| 100 ## - MAIN ENTRY--PERSONAL NAME | |
| Personal name | Sasikumar, V. |
| 9 (RLIN) | 117649 |
| 245 ## - TITLE STATEMENT | |
| Title | A Course in Listening & Speaking II/ |
| Statement of responsibility, etc. | V. Sasikumar, P. Kiranmai Dutt, Geetha Rajeevan. |
| 300 ## - PHYSICAL DESCRIPTION | |
| Pagination | 186p. |
| Size | 28 cm. + |
| Accompanying material | CD |
| 650 ## - SUBJECT ADDED ENTRY--TOPICAL TERM | |
| Topical term or geographic name as entry element | English Language |
| Geographic subdivision | British |
| 9 (RLIN) | 117655 |
| 700 ## - ADDED ENTRY--PERSONAL NAME | |
| Personal name | Dutt, P. Kiranmai. |
| Personal name | Rajeevan, Geetha. |
| 942 ## - ADDED ENTRY ELEMENTS (KOHA) | |
| Source of classification or shelving scheme | Dewey Decimal Classification |
| Koha item type | Audio Visual (AV) Materials |
| Lost status | Source of classification or shelving scheme | Damaged status | Not for loan | Permanent Location | Current Location | Shelving location | Date acquired | Source of acquisition | Cost, normal purchase price | Total Checkouts | Full call number | Date last seen | Copy number | Koha item type |
|---|---|---|---|---|---|---|---|---|---|---|---|---|---|---|
| Dewey Decimal Classification | Not For Loan | Central Library, University of Rajshahi | Central Library, University of Rajshahi | Audio Visual Section | 20/08/2015 | Karim International | 175.00 | AV 428.24 SAL | 20/08/2015 | C.1 | Audio Visual (AV) Materials |